Logo CIB grande

Strategic Management: Competitiveness & Globalization. Concepts and Cases (Registro nro. 237888)

Detalles MARC
000 -LEADER
campo de control de longitud fija 00738nam a2200241Ia 4500
005 - FECHA Y HORA DE LA ÚLTIMA TRANSACCIÓN
campo de control 20250425162846.0
008 - DATOS DE LONGITUD FIJA--INFORMACIÓN GENERAL
campo de control de longitud fija 250425s9999 xx 000 0 und d
020 ## - NÚMERO INTERNACIONAL ESTÁNDAR DEL LIBRO
Número Internacional Estándar del Libro 9780357716762
041 ## - CÓDIGO DE IDIOMA
--
Código de lengua original eng
082 ## - NÚMERO DE LA CLASIFICACIÓN DECIMAL DEWEY
Número de clasificación 658.4012
Iniciales del Autor HIT
010 ## - NÚMERO DE CONTROL DE LA BIBLIOTECA DEL CONGRESO
Número de control de LC 117223
100 ## - ENTRADA PRINCIPAL--NOMBRE DE PERSONA
Nombre de persona Hitt, Michael A.
245 #0 - MENCIÓN DEL TÍTULO
Título Strategic Management: Competitiveness & Globalization. Concepts and Cases
Mención de responsabilidad, etc. Michael A. Hitt; R. Duane Ireland; Robert E. Hoskisson; Jeffrey S. Harrison
250 ## - MENCION DE EDICION
Mención de edición 14th Edition
260 ## - PUBLICACIÓN, DISTRIBUCIÓN, ETC.
Lugar de publicación, distribución, etc. Boston
Nombre del editor, distribuidor, etc. Cengage
Fecha de publicación, distribución, etc. 2024
300 ## - DESCRIPCIÓN FÍSICA
Extensión 363 p.
Dimensiones 27.4 cm.
500 ## - NOTA GENERAL
Nota general Incluye Casos de Estudio
650 ## - PUNTO DE ACCESO ADICIONAL DE MATERIA--TÉRMINO DE MATERIA
Término de materia o nombre geográfico como elemento de entrada Liderazgo
700 ## - ENTRADA AGREGADA--NOMBRE PERSONAL
Nombre de persona Harrison, Jeffrey S.
700 ## - ENTRADA AGREGADA--NOMBRE PERSONAL
Nombre de persona Hoskisson, Robert E.
700 ## - ENTRADA AGREGADA--NOMBRE PERSONAL
Nombre de persona Ireland, R. Duane
942 ## - ELEMENTOS DE ENTRADA SECUNDARIOS (KOHA)
Tipo de ítem Koha Libros
Existencias
Estatus retirado Estado de pérdida Fuente de la clasificación o esquema de estantería Estado de daño No para préstamo Biblioteca de origen Biblioteca actual Ubicación en estantería Fecha de adquisición Coste, precio normal de compra Etiqueta RFID Total de préstamos Signatura topográfica completa Código de barras Copia número Tipo de ítem Koha Nota pública
    Clasificación Decimal Dewey     CENTRO DE INFORMACIÓN BIBLIOTECARIA CENTRO DE INFORMACIÓN BIBLIOTECARIA   19/12/2024 233.00 0000000000000000037605   658.4012 HIT 81070 1 Libros Compra

Copyright 2025 ESPOL. Todos los derechos reservados.